000 00583cam a2200145 4500500
005 20251017190117.0
041 _afre
042 _adc
100 1 0 _aLeclair, Yves
_eauthor
245 0 0 _aPhilippe Mathy Le long des rives Notes de Pouilly-sur-Loire. Avec des peintures de Cécile A. Holdban. L’Atelier des Noyers, « Horizons Panoramas », 2025, 52 pages, 16 €.
260 _c2025.
500 _a30
786 0 _nÉtudes | - | 10 | 2025-09-30 | p. 122a-123 | 0014-1941
856 4 1 _uhttps://shs.cairn.info/revue-etudes-2025-10-page-122a?lang=fr&redirect-ssocas=7080
999 _c1551280
_d1551280